000 00498nam a2200181Ia 4500
005 20250508151659.0
008 008 250505s9999 xx 000 0 eng d
037 _aTextual
040 _aFEDL
_beng
_cFEDL
041 _aeng
_2eng
084 _a745, COL
_qFEDL
100 _aColeman H S
_951540
245 0 _aTeach yourself modelcraft
260 _aLondon, UK
_bEnglish Universities Press Limited
_c1952
300 _a181p.
942 _cTEXL
_h745, COL
999 _c1331404
_d1331404